书目信息 |
| 题名: |
涂料工业手册
|
|
| 作者: | 马庆麟 主编 | |
| 分册: | ||
| 出版信息: | 北京 化学工业出版社 2001.09 |
|
| 页数: | 1146页 | |
| 开本: | 27cm | |
| 丛书名: | ||
| 单 册: | ||
| 中图分类: | TQ63-62 | |
| 科图分类: | ||
| 主题词: | 涂料--化学工业--手册 | |
| 电子资源: | ||
| ISBN: | 7-5025-3094-0 | |
| 000 | 00783nam0 2200217 450 | |
| 001 | 0147858622 | |
| 005 | 20050910044437.32 | |
| 010 | @a7-5025-3094-0@b精装@dCNY170.00 | |
| 100 | @a20050213d2001 km y0chiy0120 ea | |
| 101 | 0 | @achi |
| 102 | @aCN@b110000 | |
| 105 | @aa z 000yy | |
| 200 | 1 | @a涂料工业手册@Atu liao gong ye shou ce@f马庆麟主编@Fma qing lin zhu bian |
| 210 | @a北京@c化学工业出版社@d2001.09 | |
| 215 | @a1146页@c图@d27cm | |
| 330 | @a本书以涂料产品为中心,以原材料、生产设备和检测方法为重点,比较系统地综合汇编了有关品种类型、材料构成、技术特性等方面的基础资料,同时编入名词术语和安全卫生环保法规。 | |
| 606 | 0 | @a涂料@x化学工业@x手册 |
| 690 | @aTQ63-62@v4 | |
| 701 | 0 | @a马庆麟@Ama qing lin@4主编 |
| 801 | 0 | @aCN@bQSSK@c20050910 |
| 905 | @a10447@dTQ63-62@eM134 | |
| 涂料工业手册/马庆麟主编.-北京:化学工业出版社,2001.09 |
| 1146页:图;27cm |
| ISBN 7-5025-3094-0(精装):CNY170.00 |
| 本书以涂料产品为中心,以原材料、生产设备和检测方法为重点,比较系统地综合汇编了有关品种类型、材料构成、技术特性等方面的基础资料,同时编入名词术语和安全卫生环保法规。 |
| ● |
| 相关链接 |
|
|
|
正题名:涂料工业手册
索取号:TQ63-62/M134
 
预约/预借
| 序号 | 登录号 | 条形码 | 馆藏地/架位号 | 状态 | 备注 |
| 1 | 567895 | 205678952 | 自科库501/501自科库 40排3列5层/ [索取号:TQ63-62/M134] | 在馆 |